000 01154nam a2200241 a 4500
001 48636
003 BD-RjUL
005 20211209054546.0
008 160814s1992 ii ||||| b||| 00| f ben d
020 _c: Tk. 65.00
035 _a(BD-RjUL)48755
040 _aBD-RjUL
_bben
_cBD-RjUL
041 _aben
082 _223
_a891.44309
_bGHB 1992
100 _aঘোষাল, জয়ন্তকুমার
_9146870
245 1 0 _aবাংলা উপন্যাসে সমাজবাস্তবতা :
_b( বঙ্কিমচন্দ্র, রবীন্দ্রনাথ, শরৎচন্দ্র ও তারাশঙ্কর ) /
_cজয়ন্তকুমার ঘোষাল
260 _aকলিকাতা :
_bপুস্তক বিপণি,
_c১৯৯২
300 _avi, ৩৩৫ পৃ. ;
_c১৯ সেমি.
504 _aগ্রন্থপঞ্জি ও নির্দেশিকা সংযুক্ত
650 _aবাংলা উপন্যাস
_xইতিহাস ও সমালোচনা
_9120092
650 _aBengali Fiction
_xHistory and Criticism
_9118845
942 _2ddc
_cBK
999 _c48636
_d48636